| 000 | 00877cam a22002534a 4500 | ||
|---|---|---|---|
| 001 | 13187558 | ||
| 005 | 20241101164318.0 | ||
| 008 | 030506s2004 paua 001 0 eng | ||
| 020 | _a0803610564 | ||
| 050 | 0 | 0 |
_aRT55 _b.N765 2004 |
| 082 | 0 | 0 |
_a610.73 _221 |
| 100 | 1 |
_aNugent, Patricia Mary, _d1944- |
|
| 245 | 1 | 0 |
_aFundamentals success : _ba course review applying critical thinking to test taking / _cPatricia M. Nugent, Barbara A. Vitale. |
| 260 |
_aPhiladelphia : _bF. A. Davis, _cc2004. |
||
| 300 |
_axiii, 364 p. : _bill. ; _c28 cm. |
||
| 500 | _aIncludes index. | ||
| 650 | 0 |
_aNursing _vExaminations, questions, etc. |
|
| 650 | 0 |
_aNursing _xExaminations _vStudy guides. |
|
| 650 | 0 | _aCritical thinking. | |
| 650 | 1 | 2 |
_aNursing _vExamination Questions. |
| 650 | 2 | 2 |
_aProblem Solving _vExamination Questions. |
| 700 | 1 |
_aVitale, Barbara Ann, _d1944- |
|
| 942 |
_2lcc _cBK _n0 |
||
| 999 |
_c529 _d529 |
||